000 01315nam a22002417a 4500
008 101025s2011 mau|||||r|||| 001 0 eng d
020 _a0321696948
020 _a9780321696946
082 _a621.395
_bWES
100 _99165
_aWeste, Neil H. E.
245 _aIntegrated Circuit Design /
_cNeil H. E. Weste, David Money Harris
250 _a4th ed.
260 _aBoston :
_bPearson, 2011.
_c2011
300 _axxiii, 751 p. :
_bill. ;
_c26 cm.
504 _aIncludes bibliographical references p.699-730 and index
650 _99166
_aIntegrated circuits
_vVery large scale integration
_xDesign and construction.
650 _99167
_aMetal oxide semiconductors, Complementary.
700 _920610
_aHarris, David Money
942 _2ddc
_cNB
999 _c14788
_d14788